Statistics for Ipswich Town 1961–62 Title-Winning Team

Click here to take the quiz!

General Stats

  • This quiz has been taken 93 times
  • The average score is 7 of 11

Answer Stats

Pos.Player% Correct
FWRay Crawford
99%
FWTed Phillips
92%
GKRoy Bailey
80%
DFBilly Baxter
72%
MFJimmy Leadbetter
68%
DFLarry Carberry
61%
DF ©Andy Nelson
60%
MFJohn Elsworthy
55%
FWDoug Moran
53%
MFRoy Stephenson
52%
DFJohn Compton
41%

Score Distribution

Percentile by Number Answered

Percent of People with Each Score

Your Score History

You have not taken this quiz